Normal view
MARC view
Entry Personal Name
001 - CONTROL NUMBER
- control field: 50946
003 - CONTROL NUMBER IDENTIFIER
- control field: dpl
005 - DATE AND TIME OF LATEST TRANSACTION
- control field: 20120809114917.0
008 - FIXED-LENGTH DATA ELEMENTS
- fixed length control field: 120809|||a|||||| | ||| d
040 ## - CATALOGING SOURCE
- Original cataloging agency: dpl
- Transcribing agency: dpl
100 ## - HEADING--PERSONAL NAME
- Personal name: Mehta, Nita
670 ## - SOURCE DATA FOUND
- Source citation: Work cat.: (dpl)68755: Mehta, Nita, Taste of delhi /, 2011
670 ## - SOURCE DATA FOUND
- Source citation: Work cat.: (dpl)68755: Mehta, Nita, Taste of delhi /, 2011
